Tous les Albums, Titres et Singles de My Chemical Romance - Statistiques

Statistiques générales
  • Ce quiz a été pris 72 fois
    71 depuis la dernière actualisation
  • Le résultat moyen est 35 sur 85
Statistiques - réponses
Année/Piste Titre % Correct
10 S/C/A/R/E/C/R/O/W
100%
1 Helena
87%
2 Na Na Na (Na Na Na Na Na Na Na Na Na)
87%
5 Welcome to the Black Parade
87%
5 I'm Not Okay (I Promise)
84%
2 Dead!
82%
9 Mama
79%
11 Teenagers
79%
14 (Hidden Track) Blood
76%
8 Cancer
76%
13 Famous Last Words
76%
6 I Don't Love You
76%
2006 The Black Parade
76%
2016 The Black Parade/Living With Ghosts (The 10th Anniversary Edition)
76%
1 The End.
76%
4 The Sharpest Lives
76%
7 House of Wolves
74%
6 The Ghost of You
71%
10 Sleep
68%
2004 Three Cheers for Sweet Revenge
66%
12 Disenchanted
61%
9 Thank You for the Venom
61%
3 This Is How I Disappear
61%
4 You Know What They Do to Guys Like Us in Prison
61%
4 SING
58%
11 Demolition Lovers
55%
5 Planetary (GO!)
55%
3 Vampires Will Never Hurt You
53%
7 The Jetset Life Is Gonna Kill You
50%
2010 Danger Days : The True Lives of the Fabulous Killjoys
47%
12 Cemetery Drive
45%
1 Romance
45%
3 To The End
45%
2 Give 'Em Hell, Kid
42%
13 I Never Told You What I Do for a Living
42%
11 Summertime
42%
2 Honey, This Mirror Isn't Big Enough for the Two of Us
39%
2002 I Brought You My Bullets, You Brought Me Your Love
39%
8 Interlude
39%
5 Our Lady of Sorrows
39%
4 Drowning Lessons
37%
6 Headfirst for Halos
37%
7 Skylines and Turnstiles
37%
3 Bulletproof Heart
34%
10 Cubicles
34%
8 Early Sunsets Over Monroeville
34%
10 Hang 'Em High
34%
11 It's Not a Fashion Statement, It's a Fucking Deathwish
34%
1 Look Alive, Sunshine
34%
8 Party Poison
34%
15 Vampire Money
34%
12 DESTROYA
32%
13 The Kids from Yesterday
32%
2007 (Famous Last Words) Kill All Your Friends
29%
6 The Only Hope for Me Is You
29%
Number Three - 5 The World Is Ugly
29%
7 Jet-Star and the Kobra Kid / Traffic Report
26%
9 Save Yourself, I'll Hold Them Back
26%
9 This Is the Best Day Ever
26%
Number Three - 6 The Light Behind Your Eyes
24%
Number Two - 3 AMBULANCE
21%
Number Five - 10 Burn Bright
21%
Number Two - 4 Gun.
21%
Number One - 1 Boy Division
18%
17 (Rough Mix) Emily
18%
1 Fake Your Death
18%
14 Goodnite, Dr.Death
18%
Number Four - 7 Kiss The Ring
18%
2010 (The Mad Gear and Missile Kid EP) F.T.W.W.W.
16%
2006 (Welcome To The Black Parade) Heaven Help Us
16%
Number Four - 8 Make Room!!!!
16%
2007 (Famous Last Words) My Way Home Is Through You
16%
15 (Rough Mix) The Five of Us Are Dying
16%
18 (Live Demo) All the Angels
13%
2016 Conventionnal Weapons
13%
2022 Foundations of Decay
13%
2014 May Death Never Stop You
13%
16 (Demo) Not That Kind of Girl
13%
2010 (The Mad Gear and Missile Kid EP) Black Dragon Fighting Society
11%
2010 (The Mad Gear and Missile Kid EP) Mastas of Ravenkroft
11%
Number Five - 9 Surrender The Night
11%
2010 (Na Na Na (Na Na Na...)) Zero Percent
11%
Number One - 2 Tomorrow's Money
5%
2005 Under Pressure
5%
2004 I'm Not Okay (I Promise)
0%
Aucun quiz correspondant
Distribution des résultats
% des personnes avec chaque résultat
Percentile par nombre de réponses
Votre historique - résultats
Vous n’avez pas pris ce quiz depuis la dernière actualisation